Normal view
MARC view
Entry Topical Term
001 - CONTROL NUMBER
- control field: 18817
003 - CONTROL NUMBER IDENTIFIER
- control field: OSt
005 - DATE AND TIME OF LATEST TRANSACTION
- control field: 20260305014536.0
008 - FIXED-LENGTH DATA ELEMENTS
- fixed length control field: 260305|| aca||aabn | a|a d
040 ## - CATALOGING SOURCE
- Original cataloging agency: OSt
- Transcribing agency: OSt
150 ## - HEADING--TOPICAL TERM
- Topical term or geographic name entry element: Social media in Marketing
670 ## - SOURCE DATA FOUND
- Source citation: Work cat.: (OSt)4777: Cosme, Bryanne Kylie C., author. 18815, Wrapp'n delights: enterprise development project /, 2024.
